Manual de dinámica de grupos (Record no. 12142)
[ view plain ]
| 000 -CABECERA | |
|---|---|
| campo de control de longitud fija | 00535cam a22002172a 4500 |
| 001 - NÚMERO DE CONTROL | |
| campo de control | 006322 |
| 003 - IDENTIFICADOR DEL NÚMERO DE CONTROL | |
| campo de control | AR-FADEU |
| 008 - DATOS DE LONGITUD FIJA--INFORMACIÓN GENERAL | |
| campo de control de longitud fija | 311216n1964####xxu####################dd |
| 092 ## - ASIGNACIÓN LOCAL DE SIGNATURA TOPOGRÁFICA DEWEY (OCLC) | |
| Número de clasificación | 302.34 |
| Número de documento/Ítem | G437 |
| 100 ## - ENTRADA PRINCIPAL--NOMBRE DE PERSONA | |
| Nombre de persona | Gibb, Jack R. |
| 245 ## - MENCIÓN DE TÍTULO | |
| Título | Manual de dinámica de grupos |
| 260 ## - PUBLICACIÓN, DISTRIBUCIÓN, ETC. (PIE DE IMPRENTA) | |
| Lugar de publicación, distribución, etc. | Buenos Aires |
| 260 ## - PUBLICACIÓN, DISTRIBUCIÓN, ETC. (PIE DE IMPRENTA) | |
| Nombre del editor, distribuidor, etc. | Humanitas |
| 260 ## - PUBLICACIÓN, DISTRIBUCIÓN, ETC. (PIE DE IMPRENTA) | |
| Fecha de publicación, distribución, etc. | 1964 |
| 300 ## - DESCRIPCIÓN FÍSICA | |
| Extensión | 203 p. : il |
| 440 ## - MENCIÓN DE SERIE/PUNTO DE ACCESO ADICIONAL--TÍTULO | |
| Título | Guidance |
| 500 ## - NOTA GENERAL | |
| Nota general | Incluye bibliografía |
| 650 ## - PUNTO DE ACCESO ADICIONAL DE MATERIA--TÉRMINO DE MATERIA | |
| Término de materia o nombre geográfico como elemento inicial | GRUPO; DINAMICA DE GRUPO |
| 700 ## - PUNTO DE ACCESO ADICIONAL--NOMBRE DE PERSONA | |
| Nombre de persona | Gustavo F. J., Cirigliano, tr. |
| 942 ## - ELEMENTOS DE PUNTO DE ACCESO ADICIONAL (KOHA) | |
| Tipo de ítem Koha | BDGR |
| Estado de retiro | Estado de pérdida | Estado dañado | No para préstamo | Localización permanente | Ubicación/localización actual | Fecha de adquisición | Número de inventario | Total de préstamos | Signatura topográfica completa | Código de barras | Fecha visto por última vez | Precio válido a partir de | Tipo de ítem Koha |
|---|---|---|---|---|---|---|---|---|---|---|---|---|---|
| Biblioteca Ernesto Sabato - FADECS - UNCOMA | Biblioteca Ernesto Sabato - FADECS - UNCOMA | 21/02/2017 | 6293 | 302.34 G437 | 6293 | 21/02/2017 | 21/02/2017 | BDGR | |||||
| Biblioteca Ernesto Sabato - FADECS - UNCOMA | Biblioteca Ernesto Sabato - FADECS - UNCOMA | 21/02/2017 | 12927 | 302.34 G437 | 12927 | 21/02/2017 | 21/02/2017 | BDGR |